00522 2200181 4500001002100000005001500021035002000036008003900056245011600095100001900211250000600230260004400236300001200280084001400292082000800306650001400314990001200328INLIS00000000000111220250526060930 a0010-0524000347250526 | | | 1 a /cSyafii Efendi aEfendi, Syafii a1 aJakarta :bSukses Muda Indonesia,c2017 a140 hlm a000 SYA u a000 4aNon Fiksi a0744090